Modifikácia biodegradovateľných polymérnych zmesí na báze PLA a PHB dizertačná práca

Guardado en:
Detalles Bibliográficos
Autor principal: Bočkaj, Ján
Formato: Libro
Lenguaje:eslovaco
Publicado: Bratislava STU FCHPT 2016
Acceso en línea:Ver en el OPAC
Etiquetas: Agregar Etiqueta
Sin Etiquetas, Sea el primero en etiquetar este registro!

MARC

LEADER 00000nam a2200000 a 4500
005 20260127134343.0
008 170315 2016 xo 001 0 slo d
035 |a vtls011617874 
039 9 |y 201703151040  |z mschk03 
040 |a STUSCHK1  |b slo  |c STUSCHK1  |e AACR2 
100 1 |a Bočkaj, Ján 
245 1 |a Modifikácia biodegradovateľných polymérnych zmesí na báze PLA a PHB  |b dizertačná práca  |c Ján Bočkaj 
260 |a Bratislava  |b STU FCHPT  |c 2016 
300 |a 119 s.  |b Tab., obr.  |c 25 cm 
500 |a Študijný program: technológia polymérnych materiálov 
500 |a Študijný odbor: technológia makromolekulových látok 
500 |a Školiace pracovisko: Odd. plastov a kaučuku 
500 |a Evid. číslo: FCHPT-19991-40298 
910 |a SCHK95 
999 |c 10642  |d 10642